
Library Catalogue

| 000 -LEADER | |
|---|---|
| fixed length control field | 00535nam a2200193Ia 4500 |
| 003 - CONTROL NUMBER IDENTIFIER | |
| control field | OSt |
| 005 - DATE AND TIME OF LATEST TRANSACTION | |
| control field | 20260417074253.0 |
| 008 - FIXED-LENGTH DATA ELEMENTS--GENERAL INFORMATION | |
| fixed length control field | 160316s1987 xxu||||| |||| 00| 0 eng d |
| 040 ## - CATALOGING SOURCE | |
| Transcribing agency | . |
| 082 ## - DEWEY DECIMAL CLASSIFICATION NUMBER | |
| Classification number | 320.8 SHA |
| 100 ## - MAIN ENTRY--PERSONAL NAME | |
| Personal name | Sharma M L |
| 245 ## - TITLE STATEMENT | |
| Title | Gandhi and democratic decentralization in India/ |
| Remainder of title | M L Sharma |
| 260 ## - PUBLICATION, DISTRIBUTION, ETC. | |
| Place of publication, distribution, etc. | New Delhi : |
| Name of publisher, distributor, etc. | Deep & Deep Publications, |
| Date of publication, distribution, etc. | 1987, |
| 300 ## - PHYSICAL DESCRIPTION | |
| Extent | 180p |
| Other physical details | 20 cm |
| 365 ## - TRADE PRICE | |
| Price amount | Rs.125/- |
| 650 ## - SUBJECT ADDED ENTRY--TOPICAL TERM | |
| Topical term or geographic name entry element | Decentralization - Gandhi's Views - Local Self Government |
| 700 ## - ADDED ENTRY--PERSONAL NAME | |
| Personal name | |
| -- | |
| 942 ## - ADDED ENTRY ELEMENTS (KOHA) | |
| Source of classification or shelving scheme | Dewey Decimal Classification |
| Koha item type | BOOKs |
| Withdrawn status | Lost status | Source of classification or shelving scheme | Damaged status | Not for loan | Home library | Current library | Shelving location | Date acquired | Cost, normal purchase price | Total Checkouts | Full call number | Barcode | Date last seen | Price effective from | Koha item type |
|---|---|---|---|---|---|---|---|---|---|---|---|---|---|---|---|
| Dewey Decimal Classification | . | . | General Stacks | 30.05.2017 | 125.00 | 320.8 SHA | 6250 | 30.05.2017 | 30.05.2017 | BOOKs |